| 000 | 00498nam a2200181Ia 4500 | ||
|---|---|---|---|
| 005 | 20250326142033.0 | ||
| 008 | 250326s9999 xx 000 0 und d | ||
| 037 | _aTextbook | ||
| 040 |
_aFMSL _beng _cFMSL |
||
| 041 |
_aeng _2eng |
||
| 084 | _qFMSL | ||
| 100 |
_aAzad J L _9308665 |
||
| 245 | 0 |
_aHigher education in india : The deepening ficial crisis _cAzad J L |
|
| 260 |
_aNew Delhi _bNew Delhi, Radiant Publishers _c1988 |
||
| 300 | _a273p | ||
| 942 | _cTB | ||
| 999 |
_c1293147 _d1293147 |
||